Statistiques concernant Les comtés d'Irlande

Cliquez ici pour prendre le quiz!

Statistiques générales

  • Ce quiz a été pris 888 fois
  • Le résultat moyen est 11 sur 32

Réponses sur la Carte

Les réponses sont colorées sur une échelle allant du rouge au vert en fonction du pourcentage des utilisateurs qui les ont devinées à leur premier essai. Vous pouvez retrouver ces pourcentages ci-dessous.
 

Statistiques - réponses

ProvinceComté% Correct
LeinsterDublin
92%
MunsterCork
82%
ConnaughtGalway
68%
MunsterLimerick
56%
MunsterKerry
43%
ConnaughtMayo
43%
LeinsterKilkenny
42%
ConnaughtSligo
42%
MunsterWaterford
42%
UlsterDerry /
Londonderry
40%
UlsterDonegal
36%
MunsterTipperary
36%
LeinsterWexford
36%
MunsterClare
34%
LeinsterMeath
31%
LeinsterKildare
30%
LeinsterWicklow
30%
LeinsterWestmeath
24%
LeinsterLaois
23%
UlsterArmagh
22%
ConnaughtLeitrim
22%
LeinsterLongford
22%
LeinsterLouth
21%
ConnaughtRoscommon
21%
LeinsterCarlow
20%
UlsterCavan
20%
UlsterDown
20%
UlsterAntrim
19%
UlsterMonaghan
19%
LeinsterOffaly
19%
UlsterTyrone
19%
UlsterFermanagh
16%

Distribution des résultats

Percentile par nombre de réponses

% des personnes avec chaque résultat

Votre développement - résultats

Vous n’avez pas pris ce quiz